|
000
|
00673nam0 2200253 45
|
|
001
|
0000065679
|
|
005
|
20060303163422.17
|
|
010
|
|
@dCNY0.24
|
|
091
|
|
@aCN@b4190.153
|
|
100
|
|
@a19950629d1983 em y0chiy0121 ea
|
|
101
|
0
|
@achi
|
|
102
|
|
@aCN@b110000
|
|
105
|
|
@ay z 000yy
|
|
200
|
10
|
@a企业全面整顿讲话@Aqi ye quan mian zheng dun jiang hua@f蒋一苇著
|
|
210
|
|
@a北京@c中国社会科学出版社@d1983.04
|
|
215
|
|
@a72页@d19cm
|
|
606
|
0
|
@a经济计划
|
|
606
|
0
|
@a经济管理
|
|
606
|
|
@a工业企业管理@y中国
|
|
690
|
|
@aF2@v3
|
|
701
|
0
|
@a蒋一苇@Ajiang yi wei@4著
|
|
801
|
2
|
@aCN@bNLC@c20060303
|
|
801
|
0
|
@aCN@b上海图书馆@c20060303
|
|
905
|
|
@a10447@dF2@e139
|
|
|
|
|
| |
| 企业全面整顿讲话/蒋一苇著.-北京:中国社会科学出版社,1983.04 |
| 72页;19cm |
| |
| |
| ISBN :CNY0.24 |
| |
| ● |
正题名:企业全面整顿讲话
索取号:F2/139
 
预约/预借
| 序号
|
登录号
|
条形码
|
馆藏地/架位号
|
状态
|
备注
|
|
1
|
39827
|
200398275
|
柳城密-1楼/5架1列1层/
[索取号:F2/139]
|
在馆
|
|
|
2
|
39834
|
200398346
|
柳城密-1楼/5架1列1层/
[索取号:F2/139]
|
在馆
|
|